000 00256nmm a2200085Ia 4500
008 220120s9999||||xx |||||||||||||||||und||
100 _aDigit
245 0 _a40 essential utilities trailers skyfall, zero dark thirty, F
260 _aNine dot nine interactive ltd.
999 _c139797
_d139797